Top 50 least corrupt countries - Statistics

General Stats
  • This quiz has been taken 591 times
  • The average score is 35 of 50
Answer Stats
Rank Score Country % Correct
6 87 Norway
93%
3 89 Sweden
93%
12 81 United Kingdom
93%
17 76 United States
93%
9 84 Canada
92%
2 91 Finland
92%
13 79 Australia
91%
37 56 Spain
90%
1 92 Denmark
89%
10 81 Germany
89%
22 72 France
88%
14 79 Iceland
88%
19 75 Japan
88%
4 88 New Zealand
88%
7 86 Switzerland
87%
16 76 Austria
86%
5 87 Netherlands
86%
35 58 South Korea
86%
28 63 Portugal
85%
15 77 Belgium
83%
18 75 Ireland
83%
29 62 Poland
83%
11 81 Luxembourg
80%
23 70 Estonia
79%
41 55 Latvia
79%
36 56 Czech Republic
78%
33 61 Lithuania
78%
8 85 Singapore
78%
34 60 Slovenia
75%
50 51 Croatia
70%
25 70 UAE
69%
32 61 Israel
68%
24 70 Qatar
66%
30 62 Taiwan
66%
38 56 Malta
65%
21 73 Chile
62%
49 51 Bahrain
57%
31 61 Cyprus
55%
48 52 Saudi Arabia
55%
20 74 Uruguay
51%
40 55 Costa Rica
40%
42 55 Seychelles
39%
44 53 Jordan
38%
47 52 Georgia
35%
45 53 Mauritius
35%
26 65 Bhutan
32%
39 55 Cape Verde
27%
27 63 Botswana
24%
46 53 Namibia
21%
43 54 Rwanda
16%
No matching quizzes found
Score Distribution
Percent of People with Each Score
Percentile by Number Answered
Your Score History
You have not taken this quiz